[Event "Landesliga Ost MV 2014-15"]
[Site "Mecklenburg-Vorpommern"]
[Date "2015.01.18"]
[Round "5.3"]
[White "Schreiner, Wolfgang"]
[Black "Wichert, Till"]
[Result "0-1"]
[WhiteElo "1830"]
[BlackElo "1411"]
[PlyCount "40"]
[EventType "team-tourn"]
[EventRounds "9"]
[EventCountry "GER"]
[SourceDate "2014.04.06"]
[WhiteTeam "ESV Waren"]
[BlackTeam "SV Rugia Bergen"]

1. e4 e6 2. d3 d5 3. Nd2 c5 4. g3 Nc6 5. Bg2 Nf6 6. Ngf3 Be7 7. O-O O-O 8. e5
Nd7 9. Re1 Qc7 10. Qe2 f6 11. exf6 Nxf6 12. Bh3 e5 13. Bxc8 Qxc8 14. Nxe5 Nd4
15. Qd1 Qf5 16. f4 Bd6 17. Kg2 Rae8 18. Ndf3 Bxe5 19. Nxe5 $2 Ng4 20. Be3 Rxe5
0-1

[Event "Landesliga Ost MV 2014-15"]
[Site "Mecklenburg-Vorpommern"]
[Date "2015.01.18"]
[Round "5.4"]
[White "Burwitz, Joerg"]
[Black "Wittig, Harry"]
[Result "1/2-1/2"]
[WhiteElo "1676"]
[BlackElo "1867"]
[PlyCount "27"]
[EventType "team-tourn"]
[EventRounds "9"]
[EventCountry "GER"]
[SourceDate "2014.04.06"]
[WhiteTeam "SV Rugia Bergen"]
[BlackTeam "ESV Waren"]

1. d4 d5 2. Nf3 Nf6 3. g3 e6 4. Bg2 Be7 5. O-O O-O 6. c4 c5 7. cxd5 exd5 8.
dxc5 Bxc5 9. Bg5 Be7 10. Nc3 Nc6 11. Qb3 Na5 12. Qc2 Be6 13. Rfd1 Qc8 14. Rac1
1/2-1/2

[Event "Landesliga Ost MV 2014-15"]
[Site "Mecklenburg-Vorpommern"]
[Date "2015.01.18"]
[Round "5.5"]
[White "Dohnow, Thomas"]
[Black "Tabbert, Dirk"]
[Result "1/2-1/2"]
[WhiteElo "1747"]
[BlackElo "1629"]
[PlyCount "31"]
[EventType "team-tourn"]
[EventRounds "9"]
[EventCountry "GER"]
[SourceDate "2014.04.06"]
[WhiteTeam "ESV Waren"]
[BlackTeam "SV Rugia Bergen"]

1. c4 f5 2. Nc3 Nf6 3. d4 e6 4. Bg5 Be7 5. e3 O-O 6. Bd3 d6 7. Nge2 Nc6 8. O-O
Bd7 9. Ng3 Nb4 10. Bb1 h6 11. Bxf6 Rxf6 12. Qf3 Qc8 13. Nh5 Rf8 14. Qg3 Bg5 15.
f4 Bf6 16. a3 1/2-1/2

[Event "Landesliga Ost MV 2014-15"]
[Site "Mecklenburg-Vorpommern"]
[Date "2015.01.18"]
[Round "5.6"]
[White "Pawlowicz, Karsten"]
[Black "Mayerhoff, Lothar"]
[Result "0-1"]
[WhiteElo "1592"]
[BlackElo "1560"]
[PlyCount "106"]
[EventType "team-tourn"]
[EventRounds "9"]
[EventCountry "GER"]
[SourceDate "2014.04.06"]
[WhiteTeam "SV Rugia Bergen"]
[BlackTeam "ESV Waren"]

1. e4 c5 2. Nf3 a6 3. d4 cxd4 4. Nxd4 e5 5. Nb3 Nc6 6. Be2 Nf6 7. Bg5 h6 8. Bh4
Be7 9. f3 Nh5 10. Bxe7 Qxe7 11. Nc3 Qh4+ 12. Kf1 Ng3+ 13. hxg3 Qxh1+ 14. Kf2
Qxd1 15. Rxd1 b5 16. Nd5 Ra7 17. Nb6 O-O 18. Nc5 Rd8 19. Rd6 Nd4 20. c3 Ne6 21.
Nd3 f6 22. Bd1 Kf7 23. Bb3 Ke7 24. Nxc8+ Rxc8 25. Rb6 d6 26. Bxe6 Kxe6 27. Nb4
a5 28. Nd5 b4 29. Ke3 bxc3 30. Nxc3 Rac7 31. f4 Rxc3+ 32. bxc3 Rxc3+ 33. Kd2
Rxg3 34. f5+ Kd7 35. Kc2 Rxg2+ 36. Kb3 Rg4 37. Ra6 h5 38. Rxa5 h4 39. Ra8 Kc6
40. a4 Rxe4 41. Rc8+ Kb7 42. Rd8 Kc7 43. Rg8 Rg4 44. a5 d5 45. Kc3 h3 46. Rh8
Rg3+ 47. Kb4 e4 48. Kc5 Rd3 49. Rh7 Rg3 50. Rh8 Kb7 51. Kxd5 e3 52. Kd4 e2 53.
Re8 h2 0-1

[Event "Landesliga Ost MV 2014-15"]
[Site "Mecklenburg-Vorpommern"]
[Date "2015.01.18"]
[Round "5.7"]
[White "Stork, Leonard Christopher"]
[Black "Rosenbusch, Robert Mario"]
[Result "0-1"]
[WhiteElo "1388"]
[BlackElo "1664"]
[PlyCount "74"]
[EventType "team-tourn"]
[EventRounds "9"]
[EventCountry "GER"]
[SourceDate "2014.04.06"]
[WhiteTeam "ESV Waren"]
[BlackTeam "SV Rugia Bergen"]

1. Nf3 c5 2. c4 g6 3. Nc3 Bg7 4. d4 cxd4 5. Nxd4 Nc6 6. e3 a6 7. Be2 Nh6 8. O-O
O-O 9. Qd3 d6 10. Nxc6 bxc6 11. Bf3 Qc7 12. Qe4 Bb7 13. Bd2 Rab8 14. Qh4 Nf5
15. Qh3 Bc8 16. g4 Rxb2 17. Rad1 Rxd2 18. Rxd2 Bxc3 19. Rd3 Bh8 20. Be4 Ng7 21.
f4 f5 22. gxf5 Bxf5 23. Bxf5 Nxf5 24. e4 Nd4 25. f5 e6 26. fxg6 Rxf1+ 27. Kxf1
hxg6 28. Qg4 Qf7+ 29. Kg2 Be5 30. h4 Qf6 31. h5 g5 32. Ra3 Nc2 33. Rb3 Ne1+ 34.
Kg1 Bd4+ 35. Kh2 Qf2+ 36. Kh3 Qf1+ 37. Kh2 Be5+ 0-1

[Event "Landesliga Ost MV 2014-15"]
[Site "Mecklenburg-Vorpommern"]
[Date "2015.01.18"]
[Round "5.8"]
[White "Scheel, Manfred"]
[Black "Kollark, Lukas"]
[Result "1-0"]
[WhiteElo "1501"]
[BlackElo "1403"]
[PlyCount "89"]
[EventType "team-tourn"]
[EventRounds "9"]
[EventCountry "GER"]
[SourceDate "2014.04.06"]
[WhiteTeam "SV Rugia Bergen"]
[BlackTeam "ESV Waren"]

1. e4 e5 2. Nf3 Nc6 3. d4 exd4 4. Nxd4 Bc5 5. c3 Nge7 6. Be3 Bb6 7. Bd3 Ne5 8.
Be2 c6 9. O-O O-O 10. Nd2 d5 11. N2f3 Ng4 12. exd5 Nxe3 13. fxe3 Nxd5 14. Qd2
Re8 15. e4 Nf6 16. e5 Nd5 17. Ng5 f6 18. exf6 Nxf6 19. Bc4+ Nd5 20. Qf4 Qc7 21.
Qf3 Be6 22. Kh1 Bxd4 23. cxd4 Qd7 24. Rae1 Nc7 25. Bxe6+ Nxe6 26. Qb3 Rf8 27.
Rxf8+ Rxf8 28. Nxe6 Rf5 29. Nc5+ Qd5 30. Qxd5+ Rxd5 31. Rf1 h6 32. Rd1 b6 33.
Nb3 c5 34. h3 c4 35. Nc1 a5 36. Ne2 g5 37. Nc3 Rf5 38. Rd2 Kf7 39. Kg1 b5 40.
Rf2 Rxf2 41. Kxf2 b4 42. Na4 Ke6 43. Ke3 Kd6 44. Nb6 c3 45. bxc3 1-0

[Event "Landesliga Ost MV 2014-15"]
[Site "Mecklenburg-Vorpommern"]
[Date "2015.01.18"]
[Round "5.1"]
[White "Dao, Xuan Duong"]
[Black "Patzenhauer, Max"]
[Result "0-1"]
[WhiteElo "1740"]
[BlackElo "1918"]
[PlyCount "42"]
[EventType "team-tourn"]
[EventRounds "9"]
[EventCountry "GER"]
[SourceDate "2014.04.06"]
[WhiteTeam "SG Eintracht Neubrandenburg  III"]
[BlackTeam "SV Motor Wolgast"]

1. e4 e6 2. d4 d5 3. Nc3 Nf6 4. Bg5 Bb4 5. e5 Bxc3+ 6. bxc3 h6 7. exf6 hxg5 8.
fxg7 Rg8 9. Qh5 Qf6 10. Nf3 Qxg7 11. Bd3 c5 12. Bh7 Rh8 13. Nxg5 Ke7 14. f4 f6
15. Nxe6 Bxe6 16. f5 Qxh7 17. Qxh7+ Rxh7 18. fxe6 Nc6 19. dxc5 Kxe6 20. O-O Ne5
21. Rfe1 Rc8 0-1

[Event "Landesliga Ost MV 2014-15"]
[Site "Mecklenburg-Vorpommern"]
[Date "2015.01.18"]
[Round "5.4"]
[White "Rosin, Ralf"]
[Black "Buenz, Heinrich"]
[Result "1/2-1/2"]
[WhiteElo "1727"]
[BlackElo "1609"]
[PlyCount "54"]
[EventType "team-tourn"]
[EventRounds "9"]
[EventCountry "GER"]
[SourceDate "2014.04.06"]
[WhiteTeam "SV Motor Wolgast"]
[BlackTeam "SG Eintracht Neubrandenburg  III"]

1. d4 Nf6 2. c4 e6 3. Nc3 Be7 4. Nf3 b6 5. e4 d6 6. Bg5 O-O 7. Bd3 Nbd7 8. O-O
Bb7 9. Re1 c5 10. Bxf6 Nxf6 11. d5 e5 12. a4 a5 13. Ra3 Nd7 14. Nb5 Nb8 15. Bb1
Bc8 16. h3 f5 17. Nxe5 Bh4 18. Nf3 Be7 19. e5 Na6 20. exd6 Bxd6 21. Rae3 Nc7
22. Nxd6 Qxd6 23. Ne5 Rf6 24. Nc6 Bd7 25. Ne7+ Kh8 26. b3 Raf8 27. Qc2 h6
1/2-1/2

[Event "Landesliga Ost MV 2014-15"]
[Site "Mecklenburg-Vorpommern"]
[Date "2015.01.18"]
[Round "5.5"]
[White "Hollender, Dirk"]
[Black "Pochop, Bert"]
[Result "0-1"]
[WhiteElo "1672"]
[BlackElo "1804"]
[PlyCount "82"]
[EventType "team-tourn"]
[EventRounds "9"]
[EventCountry "GER"]
[SourceDate "2014.04.06"]
[WhiteTeam "SG Eintracht Neubrandenburg  III"]
[BlackTeam "SV Motor Wolgast"]

1. e4 c5 2. Nf3 Nc6 3. d3 e6 4. g3 Nf6 5. Bg2 Be7 6. O-O O-O 7. Nbd2 d5 8. Re1
b6 9. c3 Bb7 10. e5 Nd7 11. Nf1 Re8 12. h4 f6 13. exf6 Bxf6 14. Ng5 Nf8 15. Bh3
Bc8 16. Nh2 e5 17. Ng4 Bxg5 18. Bxg5 Qd6 19. Bg2 h6 20. Bc1 Bd7 21. Ne3 d4 22.
Nc4 Qf6 23. a4 Rab8 24. Be4 Nh7 25. a5 b5 26. Nd2 Qd8 27. Nf3 Nf6 28. Bxc6 Bxc6
29. Rxe5 Bxf3 30. Rxe8+ Qxe8 31. Qxf3 Qe1+ 32. Kg2 Rf8 33. cxd4 Ng4 34. Qd5+
Kh8 35. dxc5 Nxf2 36. Bf4 Qxa1 37. Kxf2 Qxb2+ 38. Kf3 Re8 39. Be5 Qxe5 40. Qd7
Rf8+ 41. Kg2 Qxc5 0-1

[Event "Landesliga Ost MV 2014-15"]
[Site "Mecklenburg-Vorpommern"]
[Date "2015.01.18"]
[Round "5.6"]
[White "Schellner, Ulf"]
[Black "Mietz, Wolfgang"]
[Result "1/2-1/2"]
[WhiteElo "1632"]
[BlackElo "1585"]
[PlyCount "51"]
[EventType "team-tourn"]
[EventRounds "9"]
[EventCountry "GER"]
[SourceDate "2014.04.06"]
[WhiteTeam "SV Motor Wolgast"]
[BlackTeam "SG Eintracht Neubrandenburg  III"]

1. d4 Nf6 2. c4 g6 3. Nc3 Bg7 4. e4 d6 5. Nf3 O-O 6. Be2 Nbd7 7. O-O e5 8. d5
Nc5 9. Qc2 a5 10. Ne1 Bg4 11. Bxg4 Nxg4 12. f3 Nf6 13. Be3 Nfd7 14. Nd3 Nxd3
15. Qxd3 f5 16. a3 f4 17. Bd2 g5 18. b4 axb4 19. axb4 b6 20. Nb5 Rxa1 21. Rxa1
Nb8 22. c5 Rf7 23. Be1 bxc5 24. bxc5 dxc5 25. Qc4 Bf8 26. Bf2 1/2-1/2

[Event "Landesliga Ost MV 2014-15"]
[Site "Mecklenburg-Vorpommern"]
[Date "2015.01.18"]
[Round "5.7"]
[White "Friedrich, Joerg"]
[Black "Klotzsche, Stefan"]
[Result "0-1"]
[WhiteElo "1657"]
[BlackElo "1707"]
[PlyCount "62"]
[EventType "team-tourn"]
[EventRounds "9"]
[EventCountry "GER"]
[SourceDate "2014.04.06"]
[WhiteTeam "SG Eintracht Neubrandenburg  III"]
[BlackTeam "SV Motor Wolgast"]

1. d4 Nf6 2. Bg5 Ne4 3. Bf4 g6 4. f3 Nf6 5. e4 d6 6. Nc3 Bg7 7. Qd2 O-O 8. g4
a6 9. h4 h5 10. gxh5 Nxh5 11. O-O-O Kh7 12. Nh3 Bxh3 13. Bxh3 Nxf4 14. Bg4 Nc6
15. h5 g5 16. Bf5+ Kh6 17. Nd5 Nxd5 18. exd5 Nxd4 19. Qd3 Nxf5 20. Qxf5 Qc8 21.
Qe4 Be5 22. Rhg1 f5 23. Qe2 c5 24. Rxg5 Bf4+ 25. Kb1 Bxg5 26. Rg1 Rg8 27. Re1
Rg7 28. f4 Bxf4 29. Qf3 Bg5 30. Re6+ Bf6 31. a3 Rg5 0-1

[Event "Landesliga Ost MV 2014-15"]
[Site "Mecklenburg-Vorpommern"]
[Date "2015.01.18"]
[Round "5.8"]
[White "Zimmermann, Frank"]
[Black "Gloeckner, Jan"]
[Result "1-0"]
[WhiteElo "1615"]
[BlackElo "1537"]
[PlyCount "55"]
[EventType "team-tourn"]
[EventRounds "9"]
[EventCountry "GER"]
[SourceDate "2014.04.06"]
[WhiteTeam "SV Motor Wolgast"]
[BlackTeam "SG Eintracht Neubrandenburg  III"]

1. e4 d5 2. exd5 Nf6 3. Nf3 Qxd5 4. d4 Bg4 5. Be2 Nc6 6. c4 Qh5 7. h3 O-O-O 8.
Be3 e5 9. d5 e4 10. Nfd2 Bxe2 11. Qxe2 Qxe2+ 12. Kxe2 Nb4 13. Nc3 Nc2 14. Rac1
Nxe3 15. fxe3 Re8 16. Rhf1 Bb4 17. Nb5 a6 18. Nd4 Rhf8 19. Nf5 Nh5 20. g4 g6
21. gxh5 gxf5 22. Rxf5 Rg8 23. Rcf1 Rg3 24. h4 Bc5 25. R1f4 Bxe3 26. Rxe4 Rxe4
27. Nxe4 Bc1 28. Nxg3 1-0

[Event "Landesliga Ost MV 2014-15"]
[Site "Mecklenburg-Vorpommern"]
[Date "2015.01.18"]
[Round "5.1"]
[White "Jeske, Holger"]
[Black "Stoevesand, Eric"]
[Result "1/2-1/2"]
[WhiteElo "1833"]
[BlackElo "1944"]
[PlyCount "25"]
[EventType "team-tourn"]
[EventRounds "9"]
[EventCountry "GER"]
[SourceDate "2014.04.06"]
[WhiteTeam "SSC Rostock 07  III"]
[BlackTeam "SG Eintracht Neubrandenburg  "]

1. e4 e5 2. c3 Nf6 3. d4 d5 4. Bg5 dxe4 5. Nd2 exd4 6. Nxe4 Be7 7. Bxf6 Bxf6 8.
Nxf6+ Qxf6 9. Qxd4 Qxd4 10. cxd4 O-O 11. O-O-O Rd8 12. Bc4 Nc6 13. Ne2 1/2-1/2

[Event "Landesliga Ost MV 2014-15"]
[Site "Mecklenburg-Vorpommern"]
[Date "2015.01.18"]
[Round "5.2"]
[White "Stoevesand, Peter"]
[Black "Menkhaus, Wolf Dieter"]
[Result "1/2-1/2"]
[WhiteElo "1864"]
[BlackElo "1840"]
[PlyCount "50"]
[EventType "team-tourn"]
[EventRounds "9"]
[EventCountry "GER"]
[SourceDate "2014.04.06"]
[WhiteTeam "SG Eintracht Neubrandenburg  "]
[BlackTeam "SSC Rostock 07  III"]

1. e4 e5 2. Nf3 Nf6 3. Nc3 Nc6 4. Bb5 d6 5. d4 exd4 6. Nxd4 Bd7 7. Nxc6 Bxc6 8.
Bxc6+ bxc6 9. O-O Be7 10. f4 O-O 11. Qf3 Nd7 12. b3 Bf6 13. Bb2 Bd4+ 14. Kh1
Qf6 15. Rad1 Nc5 16. Nd5 cxd5 17. Bxd4 dxe4 18. Qc3 Qh6 19. f5 Rac8 20. b4 Nd7
21. Qc6 Nf6 22. Rde1 d5 23. Bxf6 gxf6 24. Qxd5 e3 25. Qd3 Rfe8 1/2-1/2

[Event "Landesliga Ost MV 2014-15"]
[Site "Mecklenburg-Vorpommern"]
[Date "2015.01.18"]
[Round "5.3"]
[White "Mueller, Michael"]
[Black "Pruesse, Horst"]
[Result "0-1"]
[WhiteElo "1794"]
[BlackElo "1994"]
[PlyCount "96"]
[EventType "team-tourn"]
[EventRounds "9"]
[EventCountry "GER"]
[SourceDate "2014.04.06"]
[WhiteTeam "SSC Rostock 07  III"]
[BlackTeam "SG Eintracht Neubrandenburg  "]

1. d4 Nf6 2. Bg5 d5 3. Bxf6 gxf6 4. e3 e5 5. dxe5 fxe5 6. Qh5 Bb4+ 7. c3 Bd6 8.
Nf3 Qf6 9. Nbd2 Bf5 10. e4 Bg6 11. Qh3 Nd7 12. exd5 Nb6 13. Bb5+ Ke7 14. Nc4
Bf5 15. g4 Be4 16. Ncd2 Bxd5 17. c4 Bxf3 18. Qxf3 Qxf3 19. Nxf3 c6 20. c5 Bxc5
21. Bd3 Bb4+ 22. Ke2 f6 23. Nh4 Rad8 24. Rad1 Nd5 25. Kf3 h5 26. Ng6+ Kd6 27.
Nxh8 hxg4+ 28. Kxg4 Rxh8 29. h4 Ke7 30. Bg6 Bc5 31. Rd2 Ke6 32. Bf5+ Kf7 33. h5
Bd4 34. Rh3 Ne7 35. Bg6+ Ke6 36. Bb1 f5+ 37. Kf3 Kf6 38. Kg2 Nd5 39. Rh4 Rxh5
40. Rxh5 Nf4+ 41. Kg3 Nxh5+ 42. Kh4 Nf4 43. f3 a5 44. b3 b5 45. Rc2 c5 46. a3
Nd5 47. Rc1 Nf4 48. Bc2 Bf2# 0-1

[Event "Landesliga Ost MV 2014-15"]
[Site "Mecklenburg-Vorpommern"]
[Date "2015.01.18"]
[Round "5.4"]
[White "Rossmann, Andreas"]
[Black "Herde, Dittmar"]
[Result "1/2-1/2"]
[WhiteElo "1941"]
[BlackElo "1788"]
[PlyCount "28"]
[EventType "team-tourn"]
[EventRounds "9"]
[EventCountry "GER"]
[SourceDate "2014.04.06"]
[WhiteTeam "SG Eintracht Neubrandenburg  "]
[BlackTeam "SSC Rostock 07  III"]

1. d4 d5 2. Nf3 Nf6 3. c4 dxc4 4. e3 e6 5. Bxc4 c5 6. Nc3 Nc6 7. O-O a6 8. a3
b5 9. Ba2 Bb7 10. dxc5 Bxc5 11. b4 Bd6 12. Bb2 Qc7 13. h3 Rd8 14. Qe2 O-O
1/2-1/2

[Event "Landesliga Ost MV 2014-15"]
[Site "Mecklenburg-Vorpommern"]
[Date "2015.01.18"]
[Round "5.5"]
[White "Maertin, Heinz"]
[Black "Kunow, Frank"]
[Result "1/2-1/2"]
[WhiteElo "1673"]
[BlackElo "1864"]
[PlyCount "86"]
[EventType "team-tourn"]
[EventRounds "9"]
[EventCountry "GER"]
[SourceDate "2014.04.06"]
[WhiteTeam "SSC Rostock 07  III"]
[BlackTeam "SG Eintracht Neubrandenburg  "]

1. e4 g6 2. d4 Bg7 3. Nc3 d6 4. Be3 a6 5. Qd2 b5 6. f3 Nd7 7. g4 Bb7 8. Rc1 c5
9. Nge2 Qa5 10. a3 b4 11. axb4 Qxb4 12. Bg2 Nb6 13. b3 Nf6 14. O-O O-O 15. g5
Nfd7 16. f4 cxd4 17. Bxd4 Rac8 18. Bxg7 Kxg7 19. Qe3 Qc5 20. Rf3 e5 21. f5 gxf5
22. Qxc5 Rxc5 23. Rxf5 d5 24. exd5 Nxd5 25. Nxd5 Bxd5 26. c4 Be6 27. Rf3 Bg4
28. Re3 Rb8 29. Ng3 Ra5 30. h3 Be6 31. Ne4 Ra3 32. Rcc3 a5 33. Nd6 a4 34. bxa4
Ra1+ 35. Kf2 Rb2+ 36. Re2 Rxe2+ 37. Kxe2 Ra2+ 38. Kf3 Rxa4 39. Kg3 Nc5 40. Bd5
Ra6 41. Ne4 Nxe4+ 42. Bxe4 Ra4 43. Bd3 e4 1/2-1/2

[Event "Landesliga Ost MV 2014-15"]
[Site "Mecklenburg-Vorpommern"]
[Date "2015.01.18"]
[Round "5.6"]
[White "Baier, Karsten"]
[Black "Raitza, Egon"]
[Result "1/2-1/2"]
[WhiteElo "1860"]
[BlackElo "1652"]
[PlyCount "54"]
[EventType "team-tourn"]
[EventRounds "9"]
[EventCountry "GER"]
[SourceDate "2014.04.06"]
[WhiteTeam "SG Eintracht Neubrandenburg  "]
[BlackTeam "SSC Rostock 07  III"]

1. d4 d5 2. Nf3 Nf6 3. c4 e6 4. Bg5 c6 5. e3 Be7 6. Nc3 h6 7. Bh4 Nbd7 8. Bd3
O-O 9. O-O dxc4 10. Bxc4 b5 11. Bd3 a6 12. a3 c5 13. b3 Bb7 14. Rc1 Rc8 15. Bb1
cxd4 16. Nxd4 Bxa3 17. Rc2 Be7 18. Nce2 Rxc2 19. Qxc2 Qa8 20. f3 Rc8 21. Qd2
Ne5 22. Bg3 Nc6 23. Rc1 Nb4 24. Rxc8+ Qxc8 25. e4 Qc5 26. Bf2 Qc7 27. Bg3 Qc5
1/2-1/2

[Event "Landesliga Ost MV 2014-15"]
[Site "Mecklenburg-Vorpommern"]
[Date "2015.01.18"]
[Round "5.7"]
[White "Worm, Alfred"]
[Black "Winkler, Karl"]
[Result "0-1"]
[WhiteElo "1645"]
[BlackElo "1811"]
[PlyCount "104"]
[EventType "team-tourn"]
[EventRounds "9"]
[EventCountry "GER"]
[SourceDate "2014.04.06"]
[WhiteTeam "SSC Rostock 07  III"]
[BlackTeam "SG Eintracht Neubrandenburg  "]

1. e4 Nf6 2. Nc3 d6 3. d4 g6 4. Nf3 Bg7 5. Be2 c6 6. h3 b5 7. a3 Bb7 8. Be3 a6
9. O-O O-O 10. Qd2 Nbd7 11. Rad1 Rb8 12. e5 dxe5 13. dxe5 Nd5 14. Nxd5 cxd5 15.
Bh6 e6 16. Bxg7 Kxg7 17. Qf4 Rc8 18. c3 Qe7 19. a4 bxa4 20. Qxa4 Nb6 21. Qd4
Qc5 22. Qh4 Rc7 23. Qf6+ Kg8 24. Rd4 Nd7 25. Qg5 f6 26. exf6 Rxf6 27. Ne5 Qf8
28. Ng4 e5 29. Nxf6+ Nxf6 30. Rh4 Ne4 31. Qg4 Rf7 32. f3 Bc8 33. fxe4 Rxf1+ 34.
Bxf1 Bxg4 35. Rxg4 Qc5+ 36. Kh2 dxe4 37. Rxe4 Kg7 38. Bxa6 Qb6 39. Be2 Qxb2 40.
c4 Kf6 41. Bf3 Kf5 42. Kg3 Qc3 43. Kf2 Qd2+ 44. Kg3 h5 45. h4 Qc2 46. Kh3 Qxe4
47. Bxe4+ Kxe4 48. Kg3 Kd4 49. Kf3 e4+ 50. Kf4 e3 51. Kf3 Kd3 52. c5 e2 0-1

[Event "Landesliga Ost MV 2014-15"]
[Site "Mecklenburg-Vorpommern"]
[Date "2015.01.18"]
[Round "5.8"]
[White "Zibell, Walter"]
[Black "Bardosch, Konstantin"]
[Result "1/2-1/2"]
[WhiteElo "1811"]
[BlackElo "1552"]
[PlyCount "63"]
[EventType "team-tourn"]
[EventRounds "9"]
[EventCountry "GER"]
[SourceDate "2014.04.06"]
[WhiteTeam "SG Eintracht Neubrandenburg  "]
[BlackTeam "SSC Rostock 07  III"]

1. d4 Nf6 2. Nf3 e6 3. c4 Bb4+ 4. Bd2 c5 5. e3 d6 6. Bd3 O-O 7. O-O Nc6 8. Nc3
b6 9. Qe2 Bb7 10. a3 Bxc3 11. Bxc3 cxd4 12. exd4 d5 13. Rad1 Rc8 14. h4 Re8 15.
Rfe1 Ne7 16. Ne5 Nf5 17. h5 dxc4 18. Bxc4 Ne4 19. Bb5 Qd5 20. Qxe4 Qxe4 21.
Rxe4 Bxe4 22. Bxe8 Rxe8 23. f3 Bc2 24. Rd2 Bb3 25. Kf2 Ne7 26. Nd3 Nd5 27. g3
Nxc3 28. bxc3 Rc8 29. Ne5 Rxc3 30. Rd3 Rxd3 31. Nxd3 f6 32. Nb4 1/2-1/2

[Event "Landesliga Ost MV 2014-15"]
[Site "Mecklenburg-Vorpommern"]
[Date "2015.02.22"]
[Round "6.1"]
[White "Stoevesand, Eric"]
[Black "Bigalke, Steffen"]
[Result "1/2-1/2"]
[WhiteElo "1944"]
[BlackElo "1795"]
[PlyCount "81"]
[EventType "team-tourn"]
[EventRounds "9"]
[EventCountry "GER"]
[SourceDate "2014.04.06"]
[WhiteTeam "SG Eintracht Neubrandenburg  "]
[BlackTeam "SAV Torgelow-Droegeheide 90  II"]

1. e4 e6 2. d4 d5 3. Nc3 dxe4 4. Nxe4 Bd7 5. Nf3 Bc6 6. Bd3 Bxe4 7. Bxe4 c6 8.
c3 Nf6 9. Bc2 Bd6 10. Bg5 Nbd7 11. Qe2 Qc7 12. g3 O-O 13. O-O-O c5 14. dxc5
Bxc5 15. Nd2 Rfd8 16. h4 Qe5 17. Qf3 h6 18. Nc4 Qc7 19. Bf4 Qc6 20. Qe2 Qa6 21.
Bb3 Nb6 22. Bc7 Rxd1+ 23. Rxd1 Nbd5 24. Be5 b5 25. Nd2 Qb6 26. c4 bxc4 27. Nxc4
Qb5 28. Qf3 Rc8 29. Kb1 Be7 30. Ne3 Nxe3 31. Qxe3 a5 32. Bc3 a4 33. Bxe6 Rxc3
34. Bxf7+ Kxf7 35. Qxc3 Qf5+ 36. Qc2 Qxc2+ 37. Kxc2 Ne4 38. Rd4 Nc5 39. Kd2 Ke6
40. Ke3 Bf6 41. Rb4 1/2-1/2

[Event "Landesliga Ost MV 2014-15"]
[Site "Mecklenburg-Vorpommern"]
[Date "2015.02.22"]
[Round "6.2"]
[White "Balz, Christian"]
[Black "Stoevesand, Peter"]
[Result "1/2-1/2"]
[WhiteElo "1613"]
[BlackElo "1864"]
[PlyCount "70"]
[EventType "team-tourn"]
[EventRounds "9"]
[EventCountry "GER"]
[SourceDate "2014.04.06"]
[WhiteTeam "SAV Torgelow-Droegeheide 90  II"]
[BlackTeam "SG Eintracht Neubrandenburg  "]

1. e4 e5 2. Nf3 Nc6 3. d4 exd4 4. Nxd4 Bc5 5. Nb3 Bb6 6. a4 Qf6 7. Qd2 a6 8.
Nc3 Nge7 9. Qf4 d6 10. Qg3 Be6 11. Bg5 Bxf2+ 12. Qxf2 Qxg5 13. Nd2 O-O 14.
O-O-O Ne5 15. h3 N7g6 16. Kb1 f5 17. Qe1 f4 18. Nf3 Nxf3 19. gxf3 Ne5 20. Be2
Rfd8 21. Qd2 Rd7 22. Rdg1 Qf6 23. Nd5 Bxd5 24. Qxd5+ Qf7 25. Qxb7 Rdd8 26. Qb4
Rab8 27. Qc3 Qd7 28. Qd4 Kh8 29. Rg5 c5 30. Qd5 Qxa4 31. Rhg1 Qb4 32. b3 g6 33.
Rxe5 dxe5 34. Qxe5+ Kg8 35. Qe6+ Kh8 1/2-1/2

[Event "Landesliga Ost MV 2014-15"]
[Site "Mecklenburg-Vorpommern"]
[Date "2015.02.22"]
[Round "6.3"]
[White "Pruesse, Horst"]
[Black "Kilp, Andreas"]
[Result "1-0"]
[WhiteElo "1994"]
[BlackElo "1632"]
[PlyCount "49"]
[EventType "team-tourn"]
[EventRounds "9"]
[EventCountry "GER"]
[SourceDate "2014.04.06"]
[WhiteTeam "SG Eintracht Neubrandenburg  "]
[BlackTeam "SAV Torgelow-Droegeheide 90  II"]

1. e4 e5 2. Nf3 Nc6 3. d4 exd4 4. Bc4 d6 5. Nxd4 Bd7 6. Nc3 Nf6 7. O-O Be7 8.
Be3 O-O 9. f4 Na5 10. Be2 Nc6 11. Qe1 Nxd4 12. Bxd4 Bc6 13. Qg3 g6 14. Bf3 Nd7
15. Rad1 Bh4 16. Qh3 Qe7 17. e5 Bxf3 18. Rxf3 c5 19. exd6 Qd8 20. Be3 Rc8 21.
f5 Ne5 22. Rff1 Bg5 23. Ne4 Bxe3+ 24. Qxe3 Nd7 25. f6 1-0

[Event "Landesliga Ost MV 2014-15"]
[Site "Mecklenburg-Vorpommern"]
[Date "2015.02.22"]
[Round "6.4"]
[White "Greinert, Timo"]
[Black "Rossmann, Andreas"]
[Result "1/2-1/2"]
[WhiteElo "1785"]
[BlackElo "1941"]
[PlyCount "32"]
[EventType "team-tourn"]
[EventRounds "9"]
[EventCountry "GER"]
[SourceDate "2014.04.06"]
[WhiteTeam "SAV Torgelow-Droegeheide 90  II"]
[BlackTeam "SG Eintracht Neubrandenburg  "]

1. c4 Nf6 2. Nc3 g6 3. e4 d6 4. d4 Bg7 5. f4 c5 6. dxc5 Qa5 7. Bd2 Qxc5 8. Nf3
Bg4 9. Qb3 Bxf3 10. gxf3 Nbd7 11. Qb5 O-O 12. Qxc5 Nxc5 13. O-O-O Rac8 14. Kc2
Rfd8 15. Be3 b6 16. Bh3 Rb8 1/2-1/2

[Event "Landesliga Ost MV 2014-15"]
[Site "Mecklenburg-Vorpommern"]
[Date "2015.02.22"]
[Round "6.5"]
[White "Kunow, Frank"]
[Black "Kasel, Alexander"]
[Result "1-0"]
[WhiteElo "1864"]
[BlackElo "1550"]
[PlyCount "43"]
[EventType "team-tourn"]
[EventRounds "9"]
[EventCountry "GER"]
[SourceDate "2014.04.06"]
[WhiteTeam "SG Eintracht Neubrandenburg  "]
[BlackTeam "SAV Torgelow-Droegeheide 90  II"]

1. Nf3 c5 2. c4 Nf6 3. g3 d5 4. cxd5 Nxd5 5. Bg2 Nc6 6. Nc3 Nc7 7. a3 e5 8. b4
cxb4 9. axb4 Bxb4 10. Nxe5 Bxc3 11. Nxc6 Qf6 12. dxc3 bxc6 13. Qd4 Qxd4 14.
cxd4 Bb7 15. Ba3 Nb5 16. Bc5 O-O-O 17. e3 Kb8 18. O-O Rhe8 19. Rfb1 Rd7 20. d5
Nc3 21. dxc6 Nxb1 22. cxd7 1-0